1135 1696 1311 1357 1899 1016 1427 1309 1770 1038 1895 1195 1702 1404 1932 1144 1165 1064 1981 1479 1775 1390 1350 1699 1249 1946 1774 1947 1157 1172 1616 1156 1156 1258 1642 1016 1232 1617 1106 1703 1052 1500 1790 1301 1798 1035 1791 1195 1412 1084 1190 1470 1508 1005 1403 1970 1357 1281 1917 1093 1056 1128 1321 1794 1777 1787 1980 1391 1343 1100 1105 1201 1540 1609 1065 1171 1832 1970 1623 1885 1642 1368 1928 1107 1155 1016 1278 1722 1700 1275 1033 1887 1746 1017 1620 1769 1574 1883 1895 BCNSPRNW ULIB Ver.6.0+V

เปลี่ยนเป็นภาษาไทย

Change to English
 แสดงรายละเอียดบรรณานุกรม
  กลับหน้าหลัก

Brief Record : Get Marc (ISO 2709) : E-mail record : QR code < ปิดหน้าต่าง
LEADER : 00000nam 2200000uu 4500
001    13399121900
003     ULIB
008    121213s2549||||th 000 0 tha d
020    ^a9749773101
020    ^a978-9749773109
060 04 ^aWO100^bส364ศ ล.33 2549
245 00 ^aศัลยศาสตร์วิวัฒน์ 33 :^bวิทยาศาสตร์พื้นฐานทางศัลยศาสตร์ II/^cบรรณาธิการ, สมเกียรติ วัฒนศิริชัยกุล ... [และคนอื่นๆ]
246 30 ^aวิทยาศาสตร์พื้นฐานทางศัลยศาสตร์ II
250    ^aพิมพ์ครั้งที่ 1
260    ^aกรุงเทพฯ :^bกรุงเทพเวชสาร,^c2549
300    ^aก-ซ, 237 หน้า :^bภาพประกอบ ;^c22 ซม.
650  7 ^aศัลยศาสตร์
653    ^aผลงานอาจารย์คณะแพทยศาสตร์ศิริราชพยาบาล
700 0  ^aสมเกียรติ วัฒนศิริชัยกุล,^eบรรณาธิการ
945    ^p300^l0^i24845
995    ^aทศพร
999    ^aทศพร เกษรทอง
รายการนี้ยังไม่มีแท็ก
คุณยังไม่ได้ล็อกอิน คุณสามารถมีกิจกรรมร่วมกับเว็บไซต์ได้ แต่ต้องล็อกอินก่อน ::
  ล็อกอิน

รายการสื่อสารสนเทศ

ลำดับที่ ประเภท เลขเรียก/บาร์โค้ด สถานที่ สถานะ
1. วิทยาศาสตร์การแพทย์ และสุขภาพ
วิทยาศาสตร์การแพทย์ และสุขภาพ
WO100 ส364ศ ล.33 2549 ฉ.1 
  Barcode: 24845
ห้องสมุดวิทยาเขตสวรรค์ประชารักษ์
►หนังสือทั่วไป
บนชั้น

รายการใกล้เคียง
    หัวเรื่อง [ศัลยศาสตร์]

BibComment


ยังไม่เคยถูกคอมเมนท์

คอมเมนท์ทรัพยากรรายการนี้
  คอมเมนท์: ศัลยศาสตร์วิวัฒน..


 Copyright 2026. Bcnsprnw @Library